000 00703nam a2200193Ia 4500
008 151121s9999||||xx |||||||||||||| ||und||
082 _a813/सरदे
082 _bHNW-41074
100 _aसरदेसाई लक्ष्मणराव
245 _aब्राह्मण
260 _b"महाराष्ट्र राज्य साहित्य-संस्कृति मंडळ, मुंबई"
260 _c--
300 _a144
600 _aसरदेसाई लक्ष्मणराव
630 _aब्राह्मण
700 _aसरदेसाई लक्ष्मणराव
730 _aब्राह्मण
942 _cBOOK
999 _c1230272
_d1230269